Current of Transfer Pricing in the OECD

Saved in:
Bibliographic Details
Main Author: Simonidesová, Jana, 1968-
Other Authors: Herbrik, Gabriel
Format: Book Chapter
Language:English
Subjects:
Tags: Add Tag
No Tags, Be the first to tag this record!

MARC

LEADER 00000nla a2200000 4500
001 0227437
005 20240502073740.8
041 0 |a eng 
044 |a SK 
245 1 0 |a Current of Transfer Pricing in the OECD  |c Jana Simonidesová, Gabriel Herbrik 
500 |a Abstrakt 
610 2 0 |a správa daňová 
610 2 0 |a povinnosť daňová 
610 2 0 |a ceny transferové 
610 2 0 |a zdaňovanie 
610 2 0 |a analýza finančná 
610 2 0 |a OECD 
100 1 |a Simonidesová, Jana, 1968- 
700 1 |a Herbrik, Gabriel